00509nam a2200169 a 450000100060000000300090000600800410001502000150005604000280007108200170009910000300011624500740014626000510022030000110027149000240028265000330030618492CO-ViMGA141112s2004 ck r 000 u spa d a9681652274 aCO-ViMGAbspacCO-ViMGA04a610.972 M1771 aMartinez Cortes, Fernando10aLa medicina científica y el siglo XIX Mexicano - Ciencia para todos aMexico, cFondo de cultura económica, c2001 a163.p. aCiencias para todos14aMEDICINA - MEXICO - HISTORIA